00569nam a2200169Ia 4500008004100000020001500041041001200056082001600068100001700084245005000101260003100151300000800182650001400190942000700204999001500211952017300226221030s9999 xx 000 0 und d a0333900138 aEnglish a105.23bRao aC. N. R. Rao 0aUniverstiy General Chemistrycby C. N. R. Rao bMacmillanaNew Delhic1998 a677 aChemistry cBK c1581d1581 pBE 1188g218.00l0o105.23 Raor2024-06-13 00:00:00w2022-10-30yBK003Print4070aMIETLIBbMIETLIBcBL-Academic Block - C, FL-2, CUP-18, SH-5, R-5d2000-04-2610HBE